Normal view MARC view

Entry Personal Name

Number of records used in: 1

001 - CONTROL NUMBER

  • control field: 19181

003 - CONTROL NUMBER IDENTIFIER

  • control field:

005 - DATE AND TIME OF LATEST TRANSACTION

  • control field: 20221014160309.0

008 - FIXED-LENGTH DATA ELEMENTS

  • fixed length control field: 221014|| aca||aabn | a|a d

040 ## - CATALOGING SOURCE

  • Original cataloging agency:
  • Transcribing agency:

100 ## - HEADING--PERSONAL NAME

  • Personal name: AYAGA, Dennis

670 ## - SOURCE DATA FOUND

  • Source citation: Work cat.: ()9711: AYAGA, Dennis aut, Introduction to business /, 2016

National Library of Nigeria OPAC is powered by Koha